Catálogo

Cómo escribir realmente mal / (Registro nro. 67952)

Detalles MARC
000 -LEADER
fixed length control field 01612cam a2200409 i 4500
001 - CONTROL NUMBER
control field 67952
003 - CONTROL NUMBER IDENTIFIER
control field Mx-PuUPA
005 - DATE AND TIME OF LATEST TRANSACTION
control field 20240410104250.0
008 - FIXED-LENGTH DATA ELEMENTS--GENERAL INFORMATION
fixed length control field 190506s2016 mx a br 00| 1 spa d
020 ## - INTERNATIONAL STANDARD BOOK NUMBER
International Standard Book Number 9786072420380
020 ## - INTERNATIONAL STANDARD BOOK NUMBER
International Standard Book Number 9789687791760 (colección Barco de vapor)
040 ## - CATALOGING SOURCE
Original cataloging agency Mx-PuUPA
Language of cataloging spa
Transcribing agency Mx-PuUPA
Modifying agency Mx-PuUPA
Description conventions rda
041 1# - LANGUAGE CODE
Language code of text/sound track or separate title spa
Language code of original eng
100 1# - MAIN ENTRY--PERSONAL NAME
Personal name Fine, Anne,
Dates associated with a name 1947-
Relator term autor
9 (RLIN) 8310
240 10 - UNIFORM TITLE
Uniform title How to write really badly.
Date of a work 1996.
Language of a work Español.
245 10 - TITLE STATEMENT
Title Cómo escribir realmente mal /
Statement of responsibility, etc. Anne Fine ; ilustraciones de Julio Sánchez ; traducción del inglés, María José Guitián.
250 ## - EDITION STATEMENT
Edition statement Segunda edición
264 #4 - PRODUCTION, PUBLICATION, DISTRIBUTION, MANUFACTURE, AND COPYRIGHT NOTICE
Place of production, publication, distribution, manufacture Ciudad de México :
Name of producer, publisher, distributor, manufacturer Ediciones SM,
Date of production, publication, distribution, manufacture, or copyright notice 2016
300 ## - PHYSICAL DESCRIPTION
Extent 112 páginas :
Other physical details ilustraciones ;
Dimensions 19 cm.
336 ## - CONTENT TYPE
Fuente rdacontent
Content type term texto
Content type code txt
337 ## - MEDIA TYPE
Source rdamedia
Media type term sin medio
Media type code n
338 ## - CARRIER TYPE
Source rdacarrier
Carrier type term volumen
Carrier type code nc
490 1# - SERIES STATEMENT
Series statement El barco de vapor. Naranja ;
Volume/sequential designation 66 M
650 #4 - SUBJECT ADDED ENTRY--TOPICAL TERM
Topical term or geographic name entry element Escuelas
General subdivision Literatura infantil
650 #4 - SUBJECT ADDED ENTRY--TOPICAL TERM
Topical term or geographic name entry element Amistad
General subdivision Literatura infantil
Form subdivision Ficción infantil
650 #4 - SUBJECT ADDED ENTRY--TOPICAL TERM
Topical term or geographic name entry element Literatura inglesa
Form subdivision Ficción infantil
700 1# - ADDED ENTRY--PERSONAL NAME
Personal name Sánchez, Julio,
Relator term ilustrador
700 1# - ADDED ENTRY--PERSONAL NAME
Personal name Guitián, María José,
Relator term traductor
765 18 - ORIGINAL LANGUAGE ENTRY
Main entry heading Fine, Anne
Title How to write really badly.
Place, publisher, and date of publication London : Egmont, ©1996
830 #3 - SERIES ADDED ENTRY--UNIFORM TITLE
Uniform title El barco de vapor.
Name of part/section of a work Naranja ;
Volume/sequential designation 66 M
942 ## - ADDED ENTRY ELEMENTS (KOHA)
Source of classification or shelving scheme Dewey Decimal Classification
Koha item type Libro
Classification part 808.8035234
Item part B2966
Existencias
Withdrawn status Lost status Source of classification or shelving scheme Damaged status Not for loan Collection code Home library Current library Shelving location Date acquired Source of acquisition Cost, normal purchase price Total Checkouts Full call number Barcode Date last seen Cost, replacement price Price effective from Koha item type Copy number
    Dewey Decimal Classification     Infantil Biblioteca Karol Wojtyla Biblioteca Karol Wojtyla Área de silencio 24/08/2021 10 138.00   808.8035234 B2966 2016 99546 05/01/2026 138.00 24/08/2021 Libro infantil  
    Dewey Decimal Classification     Infantil Biblioteca Karol Wojtyla Biblioteca Karol Wojtyla Área de silencio 20/08/2021 1 138.00   808.8035234 B2966 2016 101277 05/01/2026 138.00 20/08/2021 Libro infantil Ej.2